Cybercrime and Cybersecurity
Spremljeno u:
| Glavni autor: | |
|---|---|
| Format: | Knjiga |
| Izdano: |
CRC Press
|
| Oznake: |
Bez oznaka, Budi prvi tko označuje ovaj zapis!
|
MARC
| LEADER | 00000nam a2200000Ia 4500 | ||
|---|---|---|---|
| 005 | 20260513122051.0 | ||
| 020 | |a 9781041324348 | ||
| 100 | |a Watters | ||
| 365 | |c Rs. | ||
| 365 | |b 25.00 | ||
| 942 | |c BK | ||
| 245 | |a Cybercrime and Cybersecurity | ||
| 260 | |b CRC Press | ||
| 999 | |c 50 |d 50 | ||
| 952 | |0 0 |1 0 |4 0 |7 0 |a UNSW |b UNSW |d 2026-05-08 |g 1795.00 |i 16698 |l 0 |p 000158 |r 2026-05-13 12:20:51 |v 1795.00 |w 2026-05-13 |y BK | ||